Charles Dickens' book of memoranda a photographic and typographic facsimile of the notebook begun in January 1855

Bibliographic Details
Main Author: Dickens, Charles, 1812-1870 (Author)
Other Authors: Kaplan, Fred 1937- (auv)
Format: Book
Language:English
PhysicalDescription:107 s. 24 cm
Published: [New York] The New York Public Library c1981
ISBN:0871042797
Series:Harcourt Brace Janovich Fund. Publication
Subjects:

MARC

LEADER 00000nam a2200000 a 4500
001 vtls001395208
003 SK-MaSNL
005 20260302001037.0
008 251113s1981 US ah r 0 eng
020 |a 0871042797  |c [705,00] 
035 |a SNK000349556 
040 |a SNK  |b slo  |c SNK  |e AACR2 
044 |a US 
080 |a 091(=20) Dickens, Ch.  |2 1981 
100 1 |a Dickens, Charles,  |d 1812-1870  |4 aut  |9 90076 
245 1 0 |a Charles Dickens' book of memoranda  |b a photographic and typographic facsimile of the notebook begun in January 1855  |c transcribed and annotated by Fred Kaplan 
260 |a [New York]  |b The New York Public Library  |c c1981 
300 |a 107 s.  |c 24 cm 
490 1 |a Harcourt Brace Janovich Fund. Publication  |v no. 2 
600 1 |a Dickens, Charles,  |d 1812-1870  |2 SNK  |9 90076 
700 1 |a Kaplan, Fred  |d 1937-  |4 auv  |9 636438 
830 0 |a Harcourt Brace Janovich Fund. Publication  |9 636439 
919 |a 0-87104-279-7 
958 |a OND 
999 |c 982201  |d 984131 
952 |t P60, <04>, [BOOK], {604}  |a SNK  |b SNK  |y VYP  |7 0  |p 17A0249642  |o snkIC 128741  |i snkV 1548/2000  |0 0  |1 0  |4 0  |d 2000-09-27  |l 0  |r 2005-01-02 00:00:00  |w 2026-02-24